000 00299nam a22001337a 4500
008 180814b xxu||||| |||| 00| 0 eng d
041 _aeng
080 _a616.12
082 _a616.12
100 _a7
101 _aKAR
245 _aCyanotic Congenital Heart Disease
_cCowgill,L.D
942 _2udc
_cBK
999 _c47085
_d47085